| 000 | 00387 a2200133 4500 | ||
|---|---|---|---|
| 245 |
_aStorytime in Africa _hprint |
||
| 020 | _a0869872206 | ||
| 700 | _aStuyvesant, Carolyn. | ||
| 650 | _aRELIGION | ||
| 005 | 20191017172501.0 | ||
| 260 |
_adcu _bReview and Herald Pub. Association _c1987 |
||
| 084 | _aPZ7.S942 St | ||
| 300 |
_av. illus. 24 cm. _bv. illus. 24 cm. _cv. illus. 24 cm. |
||
| 490 | _aStorytime in Africa | ||
| 999 |
_c8951 _d8951 |
||